000 00642 a2200205 4500
999 _c9508
_d9508
020 _a0702105945
050 0 0 _aKTL920 GIB 1975
100 1 _aGibson, James Thomas Riley.
_eauthor
245 1 0 _aSouth African mercantile and company law /
_cby J. T. R. Gibson, assisted by R. G. Comrie.
250 _a3d ed.
264 _aCape town :
_bJuta & Co.,
_c1975.
300 _axxviii, 599 p. ;
500 _aJuta & Co.
504 _aIncludes bibliographical references.
650 0 _aCommercial law
650 0 _aCorporation law
700 1 _aComrie, R. G.,
_ejoint author.
942 _2lcc
_cBK
_e3rd ed.
_h920
_iGIB
_kKTL